El divino corazón de Jesús = Divin coeur de Jesús/

Detalles Bibliográficos
Autor principal: Eudes, Jean, Saint, 1601-1680 (Autor)
Otros Autores: Torres Fajardo, P. Álvaro (Traductor)
Formato: Electrónico eBook
Lenguaje:español
francés
Publicado: Bogotá D.C., Colombia : Corporación Universitaria Minuto de Dios - UNIMINUTO, [2021]
Materias:
Acceso en línea:Digitalia Hispánica

MARC

LEADER 00000nam a2200000Ii 4500
001 DIGCUMD0214
003 NyNyDIG
008 240123s2021 ck a ob 000 0 spa d
006 m o d
007 cr |||||||||||
035 |a (OCoLC)1419043864 
040 |a DGITA  |b eng  |e rda  |e pn  |c DGITA 
041 1 |a spa  |h fre 
020 |z 9789587634792 
050 1 4 |a BX2157 ebook 
100 1 |a Eudes, Jean,  |c Saint,  |d 1601-1680,  |e author. 
240 1 0 |a Divin coeur de Jesús.  |l Spanish  |s (Torres Fajardo) 
245 1 3 |a El divino corazón de Jesús =  |b Divin coeur de Jesús/  |c San Juan Eudes ; traductor, P. Álvaro Torres Fajardo. 
246 1 |i English title on cover:  |a Divin coeur de Jesús 
264 1 |a Bogotá D.C., Colombia :  |b Corporación Universitaria Minuto de Dios - UNIMINUTO,  |c [2021] 
300 |a 1 online resource :  |b illustrations. 
336 |a text  |b txt  |2 rdacontent 
337 |a computer  |b c  |2 rdamedia 
338 |a online resource  |b cr  |2 rdacarrier 
347 |a text file  |2 rdaft 
347 |b PDF 
504 |a Includes bibliographical references. 
588 0 |a Online resource; title from PDF title page (Digitalia, viewed January 23, 2024) 
600 0 0 |a Jesus Christ. 
600 0 0 |a Mary,  |c Blessed Virgin, Saint. 
650 0 |a Immaculate Conception. 
650 0 |a Sacred Heart, Devotion to. 
700 1 |a Torres Fajardo, P. Álvaro,  |e translator. 
700 1 |i Translation of:  |a Eudes, Jean,  |c Saint,  |d 1601-1680.  |t Divin coeur de Jesús. 
791 2 |a Digitalia (Firm),  |e distributor. 
793 0 |g Digitalia ebook Collection:  |a Corporación Universitaria Minuto de Dios 
776 0 8 |i Print version:  |a Eudes, Jean, Saint, 1601-1680.  |s Divin coeur de Jesús. Spanish (Torres Fajardo)  |t Divino corazón de Jesús.  |b Segunda edición en español.  |d Bogotá D.C., Colombia : Corporación Universitaria Minuto de Dios - UNIMINUTO, [2021]  |z 9789587634792 
856 4 0 |3 Digitalia Hispánica  |u https://www.digitaliapublishing.com/a/131757/ 
910 |a Premium collection: 2024